[Event "Andalucia-ch-A/U18"]
[Site "Linares"]
[Date "2025.05.24"]
[Round "5"]
[White "Barraza Caracuel, Ignacio"]
[Black "Chacon Perez, Juan"]
[Result "1/2-1/2"]
[WhiteElo "2066"]
[BlackElo "2185"]
[PlyCount "50"]
[EventDate "2025.05.22"]
[EventType "swiss"]
[EventRounds "7"]
[EventCountry "ESP"]
[SourceTitle "CB22_2025"]
[SourceDate "2025.05.28"]
[SourceVersion "1"]
[SourceVersionDate "2025.05.28"]
[SourceQuality "1"]

1. Nf3 d5 2. d4 Nf6 3. c4 e6 4. Nc3 Nbd7 5. Bg5 Bb4 6. cxd5 exd5 7. e3 c5 8. Be2 Qa5 9. 0-0 Bxc3 10. bxc3 c4 11. Qc2 Ne4 12. Rac1 Nb6 13. Bd1 Qa3 14. Bf4 Bf5 15. Nh4 Bd7 16. f3 Ba4 17. Qb1 Nd2 18. Bxa4+ Qxa4 19. Qf5 Nxf1 20. Qe5+ Kd8 21. Qc7+ Ke8 22. Qe5+ Kd8 23. Qc7+ Ke8 24. Nf5 Qd7 25. Qe5+ Kd8 1/2-1/2

[Event "Seville op 50th"]
[Site "Seville"]
[Date "2025.01.15"]
[Round "6"]
[White "Navrotescu, Andreea Cristiana"]
[Black "Chacon Perez, Juan"]
[Result "1/2-1/2"]
[WhiteElo "2320"]
[BlackElo "2143"]
[PlyCount "84"]
[EventDate "2025.01.10"]
[EventType "swiss"]
[EventRounds "9"]
[EventCountry "ESP"]
[SourceTitle "CB04_2025"]
[SourceDate "2025.01.22"]
[SourceVersion "1"]
[SourceVersionDate "2025.01.22"]
[SourceQuality "1"]

1. c4 Nf6 2. Nc3 e6 3. e4 d5 4. e5 d4 5. exf6 dxc3 6. bxc3 Qxf6 7. d4 e5 8. Nf3 exd4 9. Bg5 Qe6+ 10. Be2 Be7 11. Bxe7 d3 12. 0-0 Qxe7 13. Bxd3 0-0 14. Qc2 h6 15. Rfe1 Qf6 16. Nd4 Na6 17. Re3 Nc5 18. Rae1 Nxd3 19. Qxd3 Bd7 20. c5 Rfe8 21. Rxe8+ Rxe8 22. Rxe8+ Bxe8 23. Qe4 Bc6 24. Nxc6 bxc6 25. g3 Qxc3 26. Qxc6 Qa1+ 27. Kg2 Qxa2 28. Qxc7 Qd5+ 29. f3 Qa2+ 30. Kh3 Qe6+ 31. g4 h5 32. c6 hxg4+ 33. Kg3 Qe1+ 34. Kxg4 Qg1+ 35. Qg3 f5+ 36. Kh5 Qe3 37. f4 Qe8+ 38. Qg6 Qe2+ 39. Kh4 Qxh2+ 40. Kg5 Qg2+ 41. Kxf5 Qc2+ 42. Kg5 Qg2+ 1/2-1/2

[Event "Seville-ch (Women)/U18"]
[Site "Seville"]
[Date "2024.09.08"]
[Round "1"]
[White "Chacon Perez, Juan"]
[Black "Estevez Begines, Antonio"]
[Result "1-0"]
[WhiteElo "2069"]
[BlackElo "1863"]
[PlyCount "73"]
[EventDate "2024.09.08"]
[EventType "swiss"]
[EventRounds "8"]
[EventCountry "ESP"]
[SourceTitle "EXT 2025"]
[Source "ChessBase"]
[SourceDate "2024.10.14"]
[SourceVersion "1"]
[SourceVersionDate "2024.10.14"]
[SourceQuality "1"]

1. e4 e5 2. Nf3 Nf6 3. Bc4 Nxe4 4. Nc3 Nxc3 5. dxc3 f6 6. Nh4 g6 7. f4 Qe7 8. f5 Qg7 9. fxg6 hxg6 10. Qg4 g5 11. Nf5 Qh7 12. Bd3 Qf7 13. Ng3 Nc6 14. Rf1 d5 15. Bf5 Bxf5 16. Qxf5 Ne7 17. Qf2 Qe6 18. h3 Bg7 19. Be3 a6 20. Bc5 b6 21. Bxe7 Kxe7 22. 0-0-0 Kf7 23. Nf5 c5 24. Kb1 Rac8 25. Qg3 Bf8 26. Ne3 d4 27. Ng4 Be7 28. Nxe5+ Ke8 29. Ng4 Bd6 30. Qd3 Kd8 31. Rxf6 Qd7 32. cxd4 Be7 33. Rxb6 cxd4 34. Qg6 Bc5 35. Rxa6 Re8 36. Qxg5+ Be7 37. Qa5+ 1-0

[Event "ESP-chT CECLUB Div2"]
[Site "Linares"]
[Date "2023.08.13"]
[Round "1.24"]
[White "Chacon Perez, Juan"]
[Black "Montesinos Diaz, Luis"]
[Result "1-0"]
[WhiteElo "2060"]
[BlackElo "2068"]
[PlyCount "148"]
[EventDate "2023.08.13"]
[EventType "team-swiss"]
[EventRounds "7"]
[EventCountry "ESP"]
[SourceTitle "EXT 2024"]
[Source "ChessBase"]
[SourceDate "2023.10.10"]
[SourceVersion "1"]
[SourceVersionDate "2023.10.10"]
[SourceQuality "1"]
[WhiteTeam "Oromana Antonio Sancho"]
[BlackTeam "Manises Eva"]
[WhiteTeamCountry "ESP"]
[BlackTeamCountry "ESP"]

1. e4 c6 2. Nc3 d5 3. Nf3 Bg4 4. h3 Bxf3 5. Qxf3 e6 6. d3 Nf6 7. Bd2 Nbd7 8. g4 Bd6 9. Qg2 Qc7 10. 0-0-0 0-0-0 11. d4 dxe4 12. Nxe4 Nxe4 13. Qxe4 Nf6 14. Qf3 h6 15. Kb1 Qb6 16. Bg2 Bb4 17. c3 Be7 18. Rhe1 Rd7 19. h4 Qb5 20. Re5 Rd5 21. Bf1 Qb6 22. g5 hxg5 23. hxg5 Ba3 24. b3 Rxe5 25. dxe5 Nd7 26. Be3 Nxe5 27. Qe4 Rd8 28. Be2 Rxd1+ 29. Bxd1 Qd8 30. Be2 Qd5 31. Qxd5 exd5 32. Bxa7 Be7 33. Be3 Kc7 34. Bd4 f6 35. Kc2 Kd6 36. gxf6 gxf6 37. a4 c5 38. Be3 Nc6 39. Bf3 b6 40. Bf4+ Ne5 41. Be2 Ke6 42. Be3 Nc6 43. Bb5 Kd6 44. Bxc6 Kxc6 45. c4 d4 46. Bf4 Bd6 47. Bh6 Kd7 48. Kd3 Ke6 49. Bd2 f5 50. Bg5 Be7 51. Bf4 Bd6 52. Bg5 Be7 53. Bd2 Ke5 54. f3 f4 55. a5 bxa5 56. Bxa5 Bd6 57. Bb6 Be7 58. Bc7+ Kf5 59. Bb6 Ke5 60. b4 cxb4 61. Bxd4+ Ke6 62. Kc2 Kd6 63. Kb3 Kc6 64. Be5 Kc5 65. Bxf4 Kd4 66. Bd2 Kd3 67. Bxb4 Bg5 68. Bd6 Ke3 69. f4 Bd8 70. Kb4 Kd4 71. Kb5 Ke4 72. Be5 Kf5 73. c5 Ke6 74. c6 Kd5 1-0

[Event "Seville City-ch Blitz"]
[Site "Seville"]
[Date "2023.02.28"]
[Round "8"]
[White "Chacon Perez, Juan"]
[Black "Carrabeo Garcia, Manuel"]
[Result "1-0"]
[WhiteElo "2065"]
[BlackElo "1977"]
[PlyCount "83"]
[EventDate "2023.02.28"]
[EventType "swiss (blitz)"]
[EventRounds "10"]
[EventCountry "ESP"]
[SourceTitle "CBM 213 Extra"]
[Source "ChessBase"]
[SourceDate "2023.05.31"]
[SourceVersion "1"]
[SourceVersionDate "2023.05.31"]
[SourceQuality "1"]

1. e4 e5 2. Nf3 Nf6 3. Bc4 Nc6 4. d3 Bc5 5. c3 Qe7 6. 0-0 0-0 7. b4 Bb6 8. a4 a6 9. a5 Ba7 10. Nbd2 d6 11. Re1 Be6 12. Bb3 Nd8 13. Bc2 Bg4 14. Nf1 h6 15. Ng3 c6 16. h3 Be6 17. Nh4 Nh7 18. Nhf5 Bxf5 19. Nxf5 Qf6 20. Qg4 Kh8 21. Be3 Bxe3 22. Rxe3 Ne6 23. Nxd6 Nd4 24. cxd4 Qxd6 25. dxe5 Qxe5 26. Rd1 Nf6 27. Qg3 Qc3 28. Bb1 Qxb4 29. Qh4 Qxa5 30. d4 Qa4 31. Rde1 Qxd4 32. Qg3 Rad8 33. e5 Nd5 34. Re4 Qc3 35. Qh4 Nb4 36. R4e3 Qd2 37. Qe4 g6 38. e6 f5 39. Qe5+ Kh7 40. e7 Rfe8 41. exd8Q Qxd8 42. Qxe8 1-0

[Event "Seville City-ch Blitz"]
[Site "Seville"]
[Date "2023.02.28"]
[Round "4"]
[White "Esquivias Quintero, Luis Manuel"]
[Black "Chacon Perez, Juan"]
[Result "1-0"]
[WhiteElo "2276"]
[BlackElo "2065"]
[PlyCount "94"]
[EventDate "2023.02.28"]
[EventType "swiss (blitz)"]
[EventRounds "10"]
[EventCountry "ESP"]
[SourceTitle "CBM 213 Extra"]
[Source "ChessBase"]
[SourceDate "2023.05.31"]
[SourceVersion "1"]
[SourceVersionDate "2023.05.31"]
[SourceQuality "1"]

1. e4 c5 2. Nf3 d6 3. d4 cxd4 4. Nxd4 Nf6 5. Nc3 g6 6. Be3 Bg7 7. f3 0-0 8. Qd2 Nc6 9. 0-0-0 Nxd4 10. Bxd4 Be6 11. Kb1 Qc7 12. g4 Rfc8 13. h4 Qa5 14. a3 b5 15. Nxb5 Qa4 16. Nc3 Qc6 17. h5 Rab8 18. hxg6 fxg6 19. g5 Nh5 20. Bxg7 Kxg7 21. Nd5 Bxd5 22. exd5 Qc5 23. Qd4+ Qxd4 24. Rxd4 Rf8 25. Bh3 Rxf3 26. Bg4 Rf4 27. Rxf4 Nxf4 28. Re1 Rb7 29. Re4 Nh5 30. c4 h6 31. gxh6+ Kxh6 32. Bh3 Nf6 33. Re2 g5 34. Bf5 g4 35. Kc2 Kg5 36. Bc8 Rc7 37. Be6 Rxc4+ 38. Kd3 Rc1 39. Bf7 Rd1+ 40. Kc2 Rd4 41. Rxe7 Nxd5 42. Bxd5 Rxd5 43. Rxa7 Kf4 44. Rf7+ Rf5 45. Rg7 g3 46. Kd2 Rg5 47. Rxg5 Ke4 1-0

[Event "Seville op 47th"]
[Site "Seville"]
[Date "2022.07.17"]
[Round "2"]
[White "Chacon Perez, Juan"]
[Black "Avila Pavas, Santiago"]
[Result "0-1"]
[WhiteElo "2090"]
[BlackElo "2453"]
[PlyCount "40"]
[EventDate "2022.07.16"]
[EventType "swiss"]
[EventRounds "9"]
[EventCountry "ESP"]
[SourceTitle "CBM 209 Extra"]
[Source "ChessBase"]
[SourceDate "2022.09.30"]
[SourceVersion "1"]
[SourceVersionDate "2022.09.30"]
[SourceQuality "1"]

1. e4 c5 2. Nf3 Nc6 3. d4 cxd4 4. Nxd4 g6 5. Nc3 Bg7 6. Be3 Nf6 7. Bc4 0-0 8. Bb3 d5 9. exd5 Na5 10. Qf3 Nxb3 11. axb3 Bg4 12. Qg3 Bh5 13. d6 e5 14. Nf3 Ng4 15. Bc5 b6 16. Ba3 e4 17. h3 Nh6 18. Ne5 Nf5 19. Qf4 Re8 20. Nc6 Qc8 0-1

[Event "Dos Hermanas Blitz op 36th"]
[Site "Dos Hermanas"]
[Date "2022.06.04"]
[Round "5"]
[White "Campora, Daniel Hugo"]
[Black "Chacon Perez, Juan"]
[Result "1-0"]
[WhiteElo "2397"]
[BlackElo "2090"]
[PlyCount "93"]
[EventDate "2022.06.04"]
[EventType "swiss (blitz)"]
[EventRounds "8"]
[EventCountry "ESP"]
[SourceTitle "CBM 208 Extra"]
[Source "ChessBase"]
[SourceDate "2022.07.31"]
[SourceVersion "1"]
[SourceVersionDate "2022.07.31"]
[SourceQuality "1"]

1. e4 c5 2. Nf3 d6 3. Bb5+ Nd7 4. 0-0 Ngf6 5. Re1 g6 6. c3 a6 7. Bf1 Bg7 8. d4 0-0 9. e5 Nd5 10. Qb3 Nc7 11. exd6 exd6 12. Bg5 Nf6 13. Nbd2 b5 14. dxc5 dxc5 15. Ne4 c4 16. Qa3 Bf5 17. Rad1 Qxd1 18. Rxd1 Nxe4 19. Be3 Ne6 20. h3 h5 21. Be2 Bf6 22. Nd4 Nxd4 23. Bxd4 Bg5 24. g4 hxg4 25. hxg4 Bc8 26. Bf3 Bb7 27. Re1 Rfe8 28. Bxe4 Bxe4 29. Qc5 Bf4 30. Rxe4 Rxe4 31. Qc6 Rae8 32. Qxa6 Be5 33. Be3 Rxg4+ 34. Kf1 Bf4 35. Qxb5 Re4 36. f3 Rg5 37. Bc5 Re6 38. Qxc4 Bg3 39. Bf2 Bxf2 40. Kxf2 Rh5 41. b4 Rh2+ 42. Kg3 Rc2 43. b5 Re3 44. b6 Rexc3 45. Qd4 Rc8 46. a4 R2c4 47. b7 1-0

[Event "ESP-chT CECLUB Div2"]
[Site "Linares"]
[Date "2021.08.10"]
[Round "2.3"]
[White "Chacon Perez, Juan"]
[Black "Moreno Alcaraz, Jose Javier"]
[Result "1/2-1/2"]
[WhiteElo "2105"]
[BlackElo "2060"]
[PlyCount "88"]
[EventDate "2021.08.09"]
[EventType "team-swiss"]
[EventRounds "7"]
[EventCountry "ESP"]
[SourceTitle "CBM 203 Extra"]
[Source "ChessBase"]
[SourceDate "2021.09.30"]
[SourceVersion "1"]
[SourceVersionDate "2021.09.30"]
[SourceQuality "1"]
[WhiteTeam "Oromana CEN Solutions"]
[BlackTeam "Lapuerta"]
[WhiteTeamCountry "ESP"]
[BlackTeamCountry "ESP"]

1. e4 e6 2. Nf3 d5 3. Nc3 d4 4. Ne2 c5 5. c3 Nf6 6. e5 Nfd7 7. cxd4 cxd4 8. Nexd4 Nxe5 9. Bb5+ Ned7 10. 0-0 a6 11. Ba4 Be7 12. Qe2 0-0 13. Bc2 Nf6 14. Re1 Qc7 15. Bb3 Bc5 16. Nc2 b5 17. d4 Bd6 18. Bg5 Nbd7 19. Rac1 Bb7 20. Nb4 Qb6 21. Nd3 Ne4 22. Bf4 Bxf4 23. Nxf4 Ndf6 24. Nd3 Rac8 25. Nde5 Rfd8 26. Qe3 a5 27. Bc2 Nd6 28. Bd3 Bd5 29. b3 a4 30. Nd2 Nf5 31. Bxf5 exf5 32. Ndf3 h6 33. h3 Be6 34. Rxc8 Rxc8 35. Rc1 Rxc1+ 36. Qxc1 axb3 37. axb3 g6 38. Qxh6 Bxb3 39. Nxg6 fxg6 40. Qxg6+ Kh8 41. Qh6+ Kg8 42. Qg6+ Kh8 43. Qh6+ Kg8 44. Qg6+ Kf8 1/2-1/2

[Event "ESP-chT CECLUB Div1"]
[Site "Linares"]
[Date "2020.10.03"]
[Round "1.3"]
[White "Chacon Perez, Juan"]
[Black "Castillo Escario, Yolanda"]
[Result "1-0"]
[WhiteElo "2141"]
[BlackElo "2006"]
[PlyCount "81"]
[EventDate "2020.10.03"]
[EventType "team-tourn"]
[EventRounds "7"]
[EventCountry "ESP"]
[SourceTitle "CBM 198 Extra"]
[Source "ChessBase"]
[SourceDate "2020.11.30"]
[SourceVersion "1"]
[SourceVersionDate "2020.11.30"]
[SourceQuality "1"]
[WhiteTeam "Oromana Schneider Electric"]
[BlackTeam "Barbera"]
[WhiteTeamCountry "ESP"]
[BlackTeamCountry "ESP"]

1. e4 e5 2. Nf3 Nc6 3. Bc4 Nf6 4. Ng5 d5 5. exd5 Nd4 6. c3 b5 7. Bf1 Nxd5 8. cxd4 Qxg5 9. Bxb5+ Kd8 10. 0-0 Bb7 11. Qf3 Rb8 12. dxe5 Ne3 13. Qh3 Qxg2+ 14. Qxg2 Nxg2 15. d4 Be7 16. Be2 g5 17. f3 Nh4 18. Nc3 f5 19. b3 Rg8 20. Kf2 Rg6 21. Bd2 Kd7 22. Bb5+ Kd8 23. Ke2 Bb4 24. Bc4 Bxc3 25. Bxc3 Rh6 26. Bd2 f4 27. Rf2 Nf5 28. Kd3 Rh3 29. d5 Nh4 30. Ke4 Ke7 31. Bb4+ Kf7 32. e6+ Kg6 33. Bc3 Nf5 34. Be5 Re8 35. Kd3 Re7 36. Re1 Ne3 37. Kd4 Nf5+ 38. Kc5 Ne3 39. Bd3+ Kh6 40. Be4 Rh5 41. Rg1 1-0

[Event "ESP-chT CECLUB Div2"]
[Site "Linares"]
[Date "2018.08.17"]
[Round "6.7"]
[White "Chacon Perez, Juan"]
[Black "Merelo Garcia, Francisco"]
[Result "1-0"]
[WhiteElo "2086"]
[BlackElo "2069"]
[PlyCount "55"]
[EventDate "2018.08.14"]
[EventType "team-swiss"]
[EventRounds "7"]
[EventCountry "ESP"]
[SourceTitle "CBM 186 Extra"]
[Source "ChessBase"]
[SourceDate "2018.08.24"]
[SourceVersion "1"]
[SourceVersionDate "2018.08.24"]
[SourceQuality "1"]
[WhiteTeam "Oromana Broncesval"]
[BlackTeam "Ajedrez Roquetas"]
[WhiteTeamCountry "ESP"]
[BlackTeamCountry "ESP"]

1. e4 d6 2. d4 Nf6 3. Nc3 g6 4. Bg5 Bg7 5. e5 Nfd7 6. exd6 cxd6 7. Qd2 h6 8. Be3 Nf6 9. h3 Nbd7 10. Bc4 a6 11. a4 Qc7 12. Bb3 Rb8 13. Qe2 0-0 14. Nf3 e5 15. dxe5 dxe5 16. 0-0 Re8 17. Rfd1 Nf8 18. a5 Be6 19. Bb6 Qc8 20. Ba4 Bd7 21. Rd6 Bxa4 22. Rxa4 Qf5 23. g4 Qc8 24. Rc4 Qxc4 25. Qxc4 Rbc8 26. Qe2 N8d7 27. Ne4 Bf8 28. Rxf6 1-0

[Event "ESP-chT CECLUB Div2"]
[Site "Linares"]
[Date "2018.08.15"]
[Round "2.7"]
[White "Alvarez Serrano, Carlos"]
[Black "Chacon Perez, Juan"]
[Result "1/2-1/2"]
[WhiteElo "2225"]
[BlackElo "2086"]
[PlyCount "105"]
[EventDate "2018.08.14"]
[EventType "team-swiss"]
[EventRounds "7"]
[EventCountry "ESP"]
[SourceTitle "CBM 186 Extra"]
[Source "ChessBase"]
[SourceDate "2018.08.24"]
[SourceVersion "1"]
[SourceVersionDate "2018.08.24"]
[SourceQuality "1"]
[WhiteTeam "Albacete Excalibur"]
[BlackTeam "Oromana Broncesval"]
[WhiteTeamCountry "ESP"]
[BlackTeamCountry "ESP"]

1. d4 Nf6 2. g3 d5 3. Nf3 Bf5 4. c4 dxc4 5. Qa4+ Nbd7 6. Qxc4 e6 7. Nc3 h6 8. Bg2 Be7 9. 0-0 0-0 10. Re1 Ne4 11. Nd2 Nd6 12. Qb3 c5 13. d5 e5 14. e4 Bg6 15. f4 exf4 16. gxf4 b5 17. f5 Bh5 18. Nxb5 Bh4 19. Nxd6 Bxe1 20. N2c4 Bh4 21. Bf4 Be2 22. e5 Rb8 23. Qc2 Bxc4 24. Nxc4 Nb6 25. Ne3 Bg5 26. Rf1 Nd7 27. e6 Bxf4 28. Rxf4 fxe6 29. dxe6 Qg5 30. Nd5 Nf6 31. Ne7+ Kh7 32. Rf3 Rfd8 33. Rg3 Qd2 34. Qxd2 Rxd2 35. b3 Rxa2 36. Nd5 Nxd5 37. Bxd5 Rd8 38. Rd3 Re2 39. f6 gxf6 40. Be4+ Rxe4 41. Rxd8 Rxe6 42. Rd7+ Kg6 43. Rxa7 Rb6 44. Ra5 Rxb3 45. Rxc5 h5 46. Kf2 f5 47. Rc4 Rb1 48. Ra4 Rb5 49. Kg3 Rb3+ 50. Kf4 Rh3 51. Ra6+ Kg7 52. Ra7+ Kg6 53. Ra6+ 1/2-1/2

[Event "Andalucia-chA"]
[Site "Algeciras"]
[Date "2018.05.19"]
[Round "6"]
[White "Chacon Perez, Juan"]
[Black "Malia Ramirez, Jose"]
[Result "1/2-1/2"]
[WhiteElo "2127"]
[BlackElo "1831"]
[PlyCount "113"]
[EventDate "2018.05.12"]
[EventType "swiss"]
[EventRounds "8"]
[EventCountry "ESP"]
[SourceTitle "EXT 2020"]
[Source "ChessBase"]
[SourceDate "2019.10.17"]
[SourceVersion "1"]
[SourceVersionDate "2019.10.17"]
[SourceQuality "1"]

1. e4 e6 2. d4 d5 3. Nc3 Bb4 4. e5 b6 5. a3 Bxc3+ 6. bxc3 Ne7 7. Qg4 Ng6 8. h4 h5 9. Qg3 Ba6 10. Bxa6 Nxa6 11. Nf3 c5 12. Ng5 Qd7 13. 0-0 Ne7 14. Qd3 c4 15. Qe2 Nf5 16. g3 0-0-0 17. a4 Nc7 18. Nf3 f6 19. exf6 gxf6 20. Bf4 Rde8 21. Rfb1 e5 22. dxe5 Rhg8 23. Qd2 Ne6 24. Rd1 Nxf4 25. Qxf4 Rg4 26. Qd2 Nxg3 27. Qxd5 Ne4+ 28. Kf1 Qxd5 29. Rxd5 Rf4 30. Rd4 fxe5 31. Rxc4+ Kb7 32. Ke1 Rxf3 33. Rxe4 Rxc3 34. Kd2 Rf3 35. Re2 Rd8+ 36. Kc1 Rd4 37. Rxe5 Rxh4 38. a5 Rxf2 39. a6+ Kc6 40. Ra3 Rc4 41. Rg3 Rcxc2+ 42. Kd1 Rfd2+ 43. Ke1 Rg2 44. Rxg2 Rxg2 45. Re7 Kb5 46. Rxa7 Ra2 47. Rh7 Kxa6 48. Rxh5 Rc2 49. Kd1 Rc8 50. Rh2 Kb5 51. Rb2+ Ka6 52. Ra2+ Kb7 53. Rh2 b5 54. Rh6 Rc4 55. Rg6 b4 56. Kd2 b3 57. Rg3 1/2-1/2

[Event "Andalucia-chA"]
[Site "Roquetas de Mar"]
[Date "2017.05.20"]
[Round "6"]
[White "Samuel Lares, Jairo"]
[Black "Chacon Perez, Juan"]
[Result "1-0"]
[WhiteElo "1969"]
[BlackElo "2070"]
[PlyCount "73"]
[EventDate "2017.05.13"]
[EventType "swiss"]
[EventRounds "8"]
[EventCountry "ESP"]
[SourceTitle "EXT 2020"]
[Source "ChessBase"]
[SourceDate "2019.10.17"]
[SourceVersion "1"]
[SourceVersionDate "2019.10.17"]
[SourceQuality "1"]

1. f4 e5 2. fxe5 d6 3. exd6 Bxd6 4. Nf3 Nf6 5. d3 Ng4 6. g3 h5 7. Rg1 h4 8. gxh4 Nxh2 9. Bg5 Nxf3+ 10. exf3 f6 11. Be3 Qe7 12. Kd2 Rxh4 13. Nc3 Rh2+ 14. Rg2 Rh1 15. d4 c6 16. Ne4 Bc7 17. c3 Bh3 18. Rg1 Rh2+ 19. Be2 Bg2 20. Nf2 f5 21. f4 Kf8 22. Bf3 Bh3 23. Kd3 Nd7 24. Nxh3 Rxh3 25. Qf1 Rh6 26. Bd2 Rd8 27. Re1 Nc5+ 28. Kc2 Ne4 29. Qg2 Re8 30. Kc1 Rh7 31. Qg6 Qh4 32. Qxf5+ Nf6 33. Rxe8+ Kxe8 34. Re1+ Kf7 35. Qe6+ Kg6 36. Rg1+ Kh6 37. Qf5 1-0

[Event "Andalucia-chA"]
[Site "Roquetas de Mar"]
[Date "2017.05.13"]
[Round "1"]
[White "De Dios Dorado, Ana"]
[Black "Chacon Perez, Juan"]
[Result "1/2-1/2"]
[WhiteElo "1848"]
[BlackElo "2070"]
[PlyCount "71"]
[EventDate "2017.05.13"]
[EventType "swiss"]
[EventRounds "8"]
[EventCountry "ESP"]
[SourceTitle "EXT 2020"]
[Source "ChessBase"]
[SourceDate "2019.10.17"]
[SourceVersion "1"]
[SourceVersionDate "2019.10.17"]
[SourceQuality "1"]

1. e4 c5 2. Nf3 Nc6 3. Nc3 g6 4. d4 cxd4 5. Nxd4 Bg7 6. Be3 Nf6 7. Bc4 0-0 8. Bb3 d6 9. f3 Bd7 10. Qd2 Rc8 11. 0-0-0 Nxd4 12. Bxd4 b5 13. Nd5 Nxd5 14. exd5 Bxd4 15. Qxd4 a5 16. a3 b4 17. axb4 axb4 18. Kd2 Rc5 19. Rhe1 Re8 20. Qh4 Bb5 21. Re4 Qc7 22. Qh6 Rc8 23. Rc1 Qa7 24. Qe3 Qa5 25. Rxe7 Bc4 26. Qf4 Rxd5+ 27. Ke1 Rf5 28. Qe3 Rcc5 29. Re8+ Kg7 30. Qd4+ Rce5+ 31. Rxe5 Rxe5+ 32. Kf2 Bxb3 33. cxb3 Qb5 34. Re1 Kg8 35. Qxd6 Rxe1 36. Kxe1 1/2-1/2

[Event "Seville op 42nd"]
[Site "Seville"]
[Date "2017.01.16"]
[Round "4"]
[White "Chacon Perez, Juan"]
[Black "Krockenberger, Martin"]
[Result "1/2-1/2"]
[WhiteElo "2002"]
[BlackElo "2219"]
[PlyCount "67"]
[EventDate "2017.01.13"]
[EventType "swiss"]
[EventRounds "9"]
[EventCountry "ESP"]
[SourceTitle "EXT 2019"]
[Source "ChessBase"]
[SourceDate "2018.10.10"]
[SourceVersion "1"]
[SourceVersionDate "2018.10.10"]
[SourceQuality "1"]

1. e4 e6 2. d4 d5 3. Nc3 Bb4 4. e5 c5 5. a3 Bxc3+ 6. bxc3 Ne7 7. Qg4 cxd4 8. Qxg7 Rg8 9. Qxh7 Qc7 10. Ne2 Nbc6 11. f4 dxc3 12. Qd3 d4 13. Nxd4 Nxd4 14. Qxd4 Bd7 15. Rg1 Nf5 16. Qf2 Qc6 17. Bd3 Qd5 18. Rb1 Bc6 19. Rb3 0-0-0 20. Rxc3 Kb8 21. g4 Nd4 22. Rg3 Qh1+ 23. Bf1 Qe4+ 24. Be3 Nb5 25. Rb3 a6 26. c4 Nxa3 27. Bd3 Rxd3 28. Rxd3 Nxc4 29. Qe2 Nxe3 30. Qxe3 Qh1+ 31. Qg1 Qe4+ 32. Qe3 Qh1+ 33. Qg1 Qe4+ 34. Qe3 1/2-1/2

[Event "Seville op 42nd"]
[Site "Seville"]
[Date "2017.01.14"]
[Round "2"]
[White "Chacon Perez, Juan"]
[Black "Moroni, Luca Jr"]
[Result "1-0"]
[WhiteElo "2002"]
[BlackElo "2468"]
[PlyCount "157"]
[EventDate "2017.01.13"]
[EventType "swiss"]
[EventRounds "9"]
[EventCountry "ESP"]
[SourceTitle "EXT 2019"]
[Source "ChessBase"]
[SourceDate "2018.10.10"]
[SourceVersion "1"]
[SourceVersionDate "2018.10.10"]
[SourceQuality "1"]

1. e4 e6 2. d4 d5 3. Nc3 Nf6 4. e5 Nfd7 5. f4 c5 6. Nf3 Nc6 7. Be3 Be7 8. Qd2 0-0 9. Be2 a6 10. 0-0 b5 11. a3 Bb7 12. Nd1 cxd4 13. Nxd4 Qc7 14. Bd3 Nc5 15. Nxc6 Qxc6 16. Bd4 a5 17. f5 exf5 18. Bxf5 Ne4 19. Qe3 h6 20. Bxe4 dxe4 21. c3 b4 22. axb4 axb4 23. Rxa8 Rxa8 24. Qf4 Qg6 25. Ne3 bxc3 26. bxc3 Bc8 27. Nf5 Bg5 28. Qxe4 Ra6 29. Ng3 Qe6 30. Qf5 Qc4 31. e6 Bxe6 32. Qe5 f6 33. Qb8+ Kh7 34. Qb1+ Kh8 35. Qb8+ Bg8 36. Nf5 Qf7 37. h4 Bd2 38. Qg3 Qb7 39. Nd6 Qe7 40. Nf5 Qd7 41. Nxg7 Qxg7 42. Qd3 Bd5 43. Qxd2 Be4 44. Rf2 Kh7 45. Qf4 Qg6 46. Bxf6 Ra8 47. Qc7+ Kg8 48. Bd4 Rf8 49. Rxf8+ Kxf8 50. Qd8+ Kf7 51. Qd7+ Kg8 52. g4 h5 53. g5 Bc6 54. Qd8+ Be8 55. Qd5+ Bf7 56. Qd8+ Be8 57. Qf6 Qb1+ 58. Kf2 Qc2+ 59. Kg3 Qd3+ 60. Qf3 Qb5 61. Qf6 Bc6 62. Qe6+ Kf8 63. Qd6+ Ke8 64. Qe6+ Kf8 65. Qd6+ Ke8 66. Qe5+ Qxe5+ 67. Bxe5 Kf7 68. c4 Be8 69. Kf4 Ke6 70. c5 Kd5 71. Kf5 Kxc5 72. g6 Kd5 73. g7 Bf7 74. Kf6 Bg8 75. Bg3 Ke4 76. Ke7 Kf3 77. Kf8 Bb3 78. Bd6 Kg4 79. Be7 1-0

[Event "Seville op 41st"]
[Site "Seville"]
[Date "2016.01.15"]
[Round "8.20"]
[White "Silva Lucena, Cristian"]
[Black "Chacon Perez, Juan"]
[Result "1-0"]
[WhiteElo "2220"]
[BlackElo "1988"]
[PlyCount "77"]
[EventDate "2016.01.08"]
[EventType "swiss"]
[EventRounds "9"]
[EventCountry "ESP"]
[SourceTitle "CBM 170 Extra"]
[Source "ChessBase"]
[SourceDate "2016.02.25"]
[SourceVersion "1"]
[SourceVersionDate "2016.02.25"]
[SourceQuality "1"]

1. Nc3 c5 2. Nf3 e6 3. d4 cxd4 4. Nxd4 Nc6 5. Ndb5 a6 6. Nd6+ Bxd6 7. Qxd6 Nge7 8. e4 0-0 9. Be3 f5 10. f3 fxe4 11. fxe4 Qa5 12. Bc4 Qe5 13. 0-0-0 Qxd6 14. Rxd6 Ne5 15. Bb3 N7c6 16. Bb6 Nf7 17. Rd2 d6 18. Bc7 Re8 19. Bxd6 Nxd6 20. Rxd6 Na5 21. Na4 Nxb3+ 22. axb3 e5 23. Nb6 Rb8 24. Nxc8 Rbxc8 25. Rf1 Rc7 26. Kd2 Rf8 27. Rxf8+ Kxf8 28. Re6 Rf7 29. Ke2 Rc7 30. c3 Rc5 31. b4 Rb5 32. Kd3 Kf7 33. Rd6 Ke7 34. Rd5 Rb6 35. Rxe5+ Kd7 36. Rg5 g6 37. Rd5+ Ke7 38. e5 Rc6 39. Rc5 1-0

[Event "Seville-ch"]
[Site "Seville"]
[Date "2014.02.22"]
[Round "5.9"]
[White "Lopez Rodriguez, Fernando"]
[Black "Chacon Perez, Juan"]
[Result "1-0"]
[WhiteElo "2098"]
[BlackElo "1861"]
[PlyCount "61"]
[EventDate "2014.01.25"]
[EventType "swiss"]
[EventRounds "9"]
[EventCountry "ESP"]
[SourceTitle "EXT 2024"]
[Source "ChessBase"]
[SourceDate "2023.10.10"]
[SourceVersion "1"]
[SourceVersionDate "2023.10.10"]
[SourceQuality "1"]

1. d4 d5 2. c4 Nc6 3. e3 e5 4. dxe5 d4 5. a3 Nge7 6. Nf3 Bg4 7. Be2 dxe3 8. Bxe3 Qxd1+ 9. Bxd1 0-0-0 10. Nbd2 Bxf3 11. Nxf3 Ng6 12. e6 f6 13. 0-0 Bd6 14. Ba4 Nge5 15. Nxe5 Nxe5 16. c5 Be7 17. f4 Nc4 18. Bd7+ Kb8 19. Kf2 Nxe3 20. Kxe3 Bxc5+ 21. Ke4 g6 22. g4 c6 23. h4 h6 24. b4 Be7 25. h5 Rhg8 26. hxg6 Rxg6 27. Kf5 Rdg8 28. Be8 Rxg4 29. Bf7 R8g7 30. Rad1 Rg3 31. Rd7 1-0